[Event "Irish New Year Events-IM2 2020"]
[Site "Dublin"]
[Date "2020.01.06"]
[Round "8.13"]
[White "Daly, Colm"]
[Black "Haque, Muhtarim-Ul"]
[Result "1-0"]
[WhiteElo "2238"]
[BlackElo "2045"]
[Annotator "ChessBase"]
[PlyCount "99"]
[EventDate "2020.01.02"]
[EventType "tourn"]
[EventCountry "IRL"]
[SourceTitle "playchess.com"]
[Source "ChessBase"]
[SourceQuality "1"]
[TimeControl "40/5400+30:1800+30"]

1. d4 {[%emt 0:03:49]} Nf6 {[%emt 0:02:47]} 2. Nf3 {[%emt 0:00:22]} g6 {[%emt 0:00:16]} 3. c4 {[%emt 0:00:06]} Bg7 {[%emt 0:00:11]} 4. Nc3 {[%emt 0:00:07]} O-O {[%emt 0:00:11]} 5. e4 {[%emt 0:00:05]} d6 {[%emt 0:00:05]} 6. Be2 {[%emt 0:00:04]} e5 {[%emt 0:00:10]} 7. d5 {[%emt 0:00:10]} a5 {[%emt 0:00:14]} 8. Bg5 {[%emt 0:00:18]} Na6 {[%emt 0:00:23]} 9. h4 {[%emt 0:00:33]} h6 {[%emt 0:01:26]} 10. Bxf6 {[%emt 0:00:07]} Bxf6 {[%emt 0:00:44]} 11. h5 {[%emt 0:00:14]} g5 {[%emt 0:00:29]} 12. Nd2 {[%emt 0:04:26]} c6 {[%emt 0:03:40]} 13. Bg4 {[%emt 0:00:58]} Qe8 {[%emt 0:01:20]} 14. Nf1 {[%emt 0:01:31]} cxd5 {[%emt 0:06:27]} 15. Nxd5 {[%emt 0:00:53]} Bd8 {[%emt 0:00:10]} 16. Nfe3 {[%emt 0:00:16]} Be6 {[%emt 0:03:22]} 17. O-O {[%emt 0:02:16]} Nc5 {[%emt 0:04:50]} 18. Nf5 {[%emt 0:01:53]} Bxf5 {[%emt 0:01:33]} 19. Bxf5 {[%emt 0:00:03]} Ne6 {[%emt 0:01:53]} 20. g3 {[%emt 0:00:55]} Nd4 {[%emt 0:01:23]} 21. Qg4 {[%emt 0:00:10]} Nxf5 {[%emt 0:01:57]} 22. Qxf5 {[%emt 0:00:02]} Kg7 {[%emt 0:02:56]} 23. Kg2 {[%emt 0:00:48]} Qe6 {[%emt 0:07:35]} 24. g4 {[%emt 0:01:35]} Qe8 {[%emt 0:03:39]} 25. Rfc1 {[%emt 0:00:11]} Qc6 {[%emt 0:06:33]} 26. Rc3 {[%emt 0:03:25]} Qe8 {[%emt 0:03:32]} 27. Rac1 {[%emt 0:00:10]} Qe6 {[%emt 0:01:36]} 28. Rb3 {[%emt 0:00:35]} Rb8 {[%emt 0:00:46]} 29. Rcc3 {[%emt 0:00:23]} Qe8 {[%emt 0:03:33]} 30. Rb5 {[%emt 0:00:10]} Qc6 {[%emt 0:01:24]} 31. a4 {[%emt 0:01:50]} Qe8 {[%emt 0:01:43]} 32. c5 {[%emt 0:00:31]} dxc5 {[%emt 0:01:53]} 33. Rbxc5 {[%emt 0:00:36]} Qe6 {[%emt 0:00:58]} 34. Rb5 {[%emt 0:02:54]} Qxf5 {[%emt 0:02:50]} 35. exf5 {[%emt 0:00:39]} e4 {[%emt 0:00:59]} 36. Re3 {[%emt 0:01:00]} Re8 {[%emt 0:01:07]} 37. f3 {[%emt 0:00:18]} Bf6 {[%emt 0:00:31]} 38. fxe4 {[%emt 0:01:18]} Bd4 {[%emt 0:01:10]} 39. Re2 {[%emt 0:00:53]} b6 {[%emt 0:00:18]} 40. Kf3 {[%emt 0:00:27]} Rec8 {[%emt 0:01:27]} 41. e5 {[%emt 0:30:37]} Rc1 {[%emt 0:30:17]} 42. e6 {[%emt 0:01:42]} fxe6 {[%emt 0:00:27]} 43. Rxe6 {[%emt 0:00:13]} Rc4 {[%emt 0:01:58]} 44. b3 {[%emt 0:00:31]} Rc5 {[%emt 0:00:24]} 45. Ke4 {[%emt 0:01:33]} Bf2 {[%emt 0:01:45]} 46. f6+ {[%emt 0:01:49]} Kg8 {[%emt 0:00:35]} 47. Kf5 {[%emt 0:00:34]} Rd8 {[%emt 0:01:23]} 48. Rxc5 {[%emt 0:00:37]} bxc5 {[%emt 0:00:25]} 49. Kg6 {[%emt 0:01:00]} Bg3 {[%emt 0:01:47]} 50. f7+ {[%emt 0:00:27]} 1-0

[Event "Irish New Year Events-IM2 2020"]
[Site "Dublin"]
[Date "2020.01.06"]
[Round "8.15"]
[White "Abdulla, Murad"]
[Black "Kanyamarala, Trisha"]
[Result "1-0"]
[WhiteElo "2257"]
[BlackElo "2195"]
[Annotator "ChessBase"]
[PlyCount "185"]
[EventDate "2020.01.02"]
[EventType "tourn"]
[EventCountry "IRL"]
[SourceTitle "playchess.com"]
[Source "ChessBase"]
[SourceQuality "1"]
[TimeControl "40/5400+30:1800+30"]

1. e4 {[%emt 0:00:00]} c5 {[%emt 0:00:00]} 2. Nf3 {[%emt 0:00:29]} d6 {[%emt 0:00:09]} 3. d4 {[%emt 0:01:11]} cxd4 {[%emt 0:00:08]} 4. Nxd4 {[%emt 0:00:08]} Nf6 {[%emt 0:00:20]} 5. Nc3 {[%emt 0:00:08]} a6 {[%emt 0:00:21]} 6. h3 {[%emt 0:01:28]} e6 {[%emt 0:00:06]} 7. g4 {[%emt 0:03:27]} d5 {[%emt 0:00:08]} 8. exd5 {[%emt 0:04:56]} Nxd5 {[%emt 0:00:09]} 9. Nde2 {[%emt 0:01:13]} Bb4 {[%emt 0:00:23]} 10. Bg2 {[%emt 0:02:48]} O-O {[%emt 0:01:05]} 11. O-O {[%emt 0:02:43]} Nxc3 {[%emt 0:00:11]} 12. Nxc3 {[%emt 0:03:42]} Qc7 {[%emt 0:00:12]} 13. Ne4 {[%emt 0:03:01]} Nc6 {[%emt 0:05:20]} 14. c3 {[%emt 0:00:43]} Be7 {[%emt 0:00:33]} 15. Qe2 {[%emt 0:05:37]} Bd7 {[%emt 0:03:33]} 16. b3 {[%emt 0:07:24]} Rae8 {[%emt 0:16:04]} 17. g5 {[%emt 0:23:52]} f5 {[%emt 0:06:31]} 18. gxf6 {[%emt 0:01:25]} Bxf6 {[%emt 1:03:47]} 19. Be3 {[%emt 0:10:44]} e5 {[%emt 0:00:00]} 20. Rad1 {[%emt 0:04:11]} Be7 {[%emt 0:00:00]} 21. Nc5 {[%emt 0:03:07]} Bxc5 {[%emt 0:00:00]} 22. Bxc5 {[%emt 0:01:08]} Rf6 {[%emt 0:00:00]} 23. Qe3 {[%emt 0:00:30]} Bf5 {[%emt 0:00:00]} 24. Rd2 {[%emt 0:03:43]} e4 {[%emt 0:00:00]} 25. Rfd1 {[%emt 0:01:35]} Rg6 {[%emt 0:00:00]} 26. Bd6 {[%emt 0:01:25]} Qc8 {[%emt 0:00:00]} 27. Kh2 {[%emt 0:00:20]} Nd8 {[%emt 0:00:00]} 28. Bf4 {[%emt 0:04:23]} Ne6 {[%emt 0:00:00]} 29. Rd5 {[%emt 0:00:34]} Rf6 {[%emt 0:00:00]} 30. Be5 {[%emt 0:00:18]} Rf7 {[%emt 0:00:00]} 31. Bg3 {[%emt 0:00:27]} Rff8 {[%emt 0:00:00]} 32. c4 {[%emt 0:00:17]} h6 {[%emt 0:00:00]} 33. h4 {[%emt 0:02:06]} Kh8 {[%emt 0:00:00]} 34. a4 {[%emt 0:03:16]} Kg8 {[%emt 0:00:00]} 35. R1d2 {[%emt 0:00:15]} Nd8 {[%emt 0:00:00]} 36. Qc3 {[%emt 0:04:24]} Nc6 {[%emt 0:00:00]} 37. a5 {[%emt 0:00:51]} Ne7 {[%emt 0:00:00]} 38. Rd6 {[%emt 0:00:24]} Ng6 {[%emt 0:00:09]} 39. Qd4 {[%emt 0:00:40]} Nh8 {[%emt 0:01:14]} 40. Qe3 {[%emt 0:00:34]} Nf7 {[%emt 0:00:42]} 41. R6d5 {[%emt 0:30:08]} h5 {[%emt 0:30:17]} 42. Bf4 {[%emt 0:00:45]} Qe6 {[%emt 0:00:19]} 43. Qc5 {[%emt 0:00:34]} Bg4 {[%emt 0:01:20]} 44. Qb6 {[%emt 0:00:14]} Qe7 {[%emt 0:00:47]} 45. Bg3 {[%emt 0:00:23]} Rc8 {[%emt 0:01:02]} 46. Qe3 {[%emt 0:00:27]} Rce8 {[%emt 0:00:23]} 47. R2d4 {[%emt 0:00:56]} Qf6 {[%emt 0:01:25]} 48. Rxe4 {[%emt 0:00:18]} Rxe4 {[%emt 0:00:56]} 49. Qxe4 {[%emt 0:00:06]} g6 {[%emt 0:04:02]} 50. Qd4 {[%emt 0:00:24]} Qe7 {[%emt 0:00:22]} 51. Qd2 {[%emt 0:01:00]} Kh7 {[%emt 0:00:43]} 52. Rd3 {[%emt 0:00:43]} Bf5 {[%emt 0:00:55]} 53. Re3 {[%emt 0:00:09]} Qf6 {[%emt 0:00:49]} 54. Bxb7 {[%emt 0:00:50]} Nh6 {[%emt 0:00:08]} 55. Bf3 {[%emt 0:00:14]} Bg4 {[%emt 0:00:48]} 56. Bg2 {[%emt 0:00:33]} Bc8 {[%emt 0:00:16]} 57. Rd3 {[%emt 0:00:28]} Ng4+ {[%emt 0:02:53]} 58. Kg1 {[%emt 0:00:09]} Re8 {[%emt 0:00:00]} 59. f3 {[%emt 0:00:30]} Nh6 {[%emt 0:00:05]} 60. Bf2 {[%emt 0:01:05]} Nf5 {[%emt 0:00:21]} 61. Qg5 {[%emt 0:00:32]} Qa1+ {[%emt 0:00:23]} 62. Kh2 {[%emt 0:00:12]} Re2 {[%emt 0:00:42]} 63. Rd2 {[%emt 0:00:38]} Qe5+ {[%emt 0:00:53]} 64. Kg1 {[%emt 0:00:18]} Qa1+ {[%emt 0:00:24]} 65. Bf1 {[%emt 0:00:09]} Rxd2 {[%emt 0:00:36]} 66. Qxd2 {[%emt 0:00:01]} Qf6 {[%emt 0:00:20]} 67. Qf4 {[%emt 0:00:09]} Qd8 {[%emt 0:00:36]} 68. b4 {[%emt 0:00:45]} Ng7 {[%emt 0:00:17]} 69. Qd4 {[%emt 0:00:22]} Qc7 {[%emt 0:00:10]} 70. Qc5 {[%emt 0:00:46]} Qb7 {[%emt 0:01:05]} 71. Bg2 {[%emt 0:00:29]} Ne6 {[%emt 0:00:21]} 72. Qd6 {[%emt 0:00:11]} Qf7 {[%emt 0:00:31]} 73. Bd4 {[%emt 0:01:04]} Bb7 {[%emt 0:00:34]} 74. Qe5 {[%emt 0:00:22]} Nxd4 {[%emt 0:00:28]} 75. Qxd4 {[%emt 0:00:01]} Qe7 {[%emt 0:00:23]} 76. b5 {[%emt 0:00:42]} g5 {[%emt 0:00:37]} 77. hxg5 {[%emt 0:00:23]} Kg6 {[%emt 0:00:30]} 78. bxa6 {[%emt 0:00:31]} Bxa6 {[%emt 0:00:36]} 79. c5 {[%emt 0:01:32]} Kxg5 {[%emt 0:00:27]} 80. Qc3 {[%emt 0:00:50]} h4 {[%emt 0:00:16]} 81. Qd2+ {[%emt 0:00:25]} Kh5 {[%emt 0:00:44]} 82. Qd5+ {[%emt 0:00:23]} Kg6 {[%emt 0:00:35]} 83. Qd6+ {[%emt 0:00:11]} Qxd6 {[%emt 0:00:14]} 84. cxd6 {[%emt 0:00:02]} Kf7 {[%emt 0:00:22]} 85. Bh3 {[%emt 0:00:16]} Kf6 {[%emt 0:00:05]} 86. Kf2 {[%emt 0:00:12]} Bb7 {[%emt 0:00:14]} 87. f4 {[%emt 0:00:07]} Kf7 {[%emt 0:00:15]} 88. Bg4 {[%emt 0:00:38]} Ke8 {[%emt 0:00:18]} 89. Kg1 {[%emt 0:00:10]} Ba6 {[%emt 0:00:28]} 90. Kh2 {[%emt 0:01:23]} Bf1 {[%emt 0:00:10]} 91. Be6 {[%emt 0:00:33]} Kd8 {[%emt 0:00:34]} 92. f5 {[%emt 0:00:17]} h3 {[%emt 0:00:18]} 93. f6 {[%emt 0:00:08]} 1-0

[Event "Irish New Year Events-IM2 2020"]
[Site "Dublin"]
[Date "2020.01.06"]
[Round "9.11"]
[White "Kanyamarala, Trisha"]
[Black "Baburin, Alexander"]
[Result "1/2-1/2"]
[WhiteElo "2195"]
[BlackElo "2419"]
[Annotator "RC"]
[PlyCount "20"]
[EventDate "2020.01.02"]
[EventType "tourn"]
[EventCountry "IRL"]
[SourceTitle "playchess.com"]
[Source "ChessBase"]
[SourceQuality "1"]
[TimeControl "40/5400+30:1800+30"]

1. d4 {[%emt 0:00:00]} d5 {[%emt 0:06:02]} 2. c4 {[%emt 0:00:00]} e6 {[%emt 0:00:08]} 3. Nf3 {[%emt 0:01:10]} Nf6 {[%emt 0:00:07]} 4. Nc3 {[%emt 0:00:45]} Nbd7 {[%emt 0:02:55]} 5. Bg5 {[%emt 0:00:53]} c6 {[%emt 0:02:10]} 6. cxd5 {[%emt 0:02:41]} exd5 {[%emt 0:00:08]} 7. e3 {[%emt 0:00:30]} Be7 {[%emt 0:00:30]} 8. Bd3 {[%emt 0:00:55]} O-O {[%emt 0:00:09]} 9. Qc2 {[%emt 0:01:06]} Re8 {[%emt 0:00:10]} 10. O-O {[%emt 0:02:18]} Nf8 {[%emt 0:02:33]} 1/2-1/2

[Event "Irish New Year Events-IM2 2020"]
[Site "Dublin"]
[Date "2020.01.06"]
[Round "9.12"]
[White "Melaugh, Gavin"]
[Black "Abdulla, Murad"]
[Result "1/2-1/2"]
[WhiteElo "2076"]
[BlackElo "2257"]
[Annotator "ChessBase"]
[PlyCount "152"]
[EventDate "2020.01.02"]
[EventType "tourn"]
[EventCountry "IRL"]
[SourceTitle "playchess.com"]
[Source "ChessBase"]
[SourceQuality "1"]
[TimeControl "40/5400+30:1800+30"]

1. e4 {[%emt 0:05:45]} c5 {[%emt 0:00:00]} 2. d4 {[%emt 0:00:09]} cxd4 {[%emt 0:03:28]} 3. c3 {[%emt 0:00:04]} d3 {[%emt 0:00:04]} 4. c4 {[%emt 0:00:05]} Nc6 {[%emt 0:00:16]} 5. Bxd3 {[%emt 0:00:10]} g6 {[%emt 0:00:39]} 6. Nf3 {[%emt 0:00:09]} Bg7 {[%emt 0:00:07]} 7. Nc3 {[%emt 0:00:15]} d6 {[%emt 0:00:17]} 8. h3 {[%emt 0:00:04]} Nf6 {[%emt 0:00:22]} 9. O-O {[%emt 0:00:20]} O-O {[%emt 0:00:16]} 10. Be3 {[%emt 0:00:16]} Nd7 {[%emt 0:09:57]} 11. Rc1 {[%emt 0:01:04]} Nc5 {[%emt 0:01:46]} 12. Be2 {[%emt 0:04:17]} Qa5 {[%emt 0:09:48]} 13. a3 {[%emt 0:09:43]} Bxc3 {[%emt 0:00:42]} 14. Rxc3 {[%emt 0:04:31]} Nxe4 {[%emt 0:01:28]} 15. Rc1 {[%emt 0:03:08]} Nf6 {[%emt 0:12:25]} 16. Nd4 {[%emt 0:09:07]} Nxd4 {[%emt 0:08:02]} 17. Bxd4 {[%emt 0:01:25]} Ne8 {[%emt 0:04:26]} 18. Bc3 {[%emt 0:07:04]} Qc7 {[%emt 0:01:41]} 19. b4 {[%emt 0:05:12]} b6 {[%emt 0:05:47]} 20. f4 {[%emt 0:04:20]} Ng7 {[%emt 0:02:05]} 21. g4 {[%emt 0:11:29]} f6 {[%emt 0:03:03]} 22. h4 {[%emt 0:03:49]} Be6 {[%emt 0:03:45]} 23. h5 {[%emt 0:03:02]} Rad8 {[%emt 0:02:28]} 24. hxg6 {[%emt 0:10:53]} hxg6 {[%emt 0:00:21]} 25. Bd3 {[%emt 0:00:17]} Bf7 {[%emt 0:02:03]} 26. Qc2 {[%emt 0:01:39]} Qd7 {[%emt 0:02:12]} 27. f5 {[%emt 0:02:55]} d5 {[%emt 0:02:18]} 28. c5 {[%emt 0:03:53]} e5 {[%emt 0:01:03]} 29. a4 {[%emt 0:02:45]} bxc5 {[%emt 0:06:35]} 30. bxc5 {[%emt 0:00:22]} Be8 {[%emt 0:00:52]} 31. Ba5 {[%emt 0:01:32]} Rc8 {[%emt 0:02:26]} 32. Ba6 {[%emt 0:01:27]} Qxa4 {[%emt 0:01:10]} 33. Qxa4 {[%emt 0:01:19]} Bxa4 {[%emt 0:00:02]} 34. Bxc8 {[%emt 0:00:01]} Rxc8 {[%emt 0:00:09]} 35. fxg6 {[%emt 0:00:01]} Ne8 {[%emt 0:00:08]} 36. g5 {[%emt 0:02:24]} Kg7 {[%emt 0:00:01]} 37. gxf6+ {[%emt 0:00:20]} Nxf6 {[%emt 0:00:01]} 38. Rf5 {[%emt 0:00:11]} Re8 {[%emt 0:00:39]} 39. c6 {[%emt 0:02:07]} Kxg6 {[%emt 0:00:05]} 40. Rcf1 {[%emt 0:00:25]} Re6 {[%emt 0:00:29]} 41. c7 {[%emt 0:30:50]} Bd7 {[%emt 0:30:13]} 42. R5f2 {[%emt 0:01:04]} d4 {[%emt 0:00:25]} 43. Rc2 {[%emt 0:00:48]} Bc8 {[%emt 0:00:11]} 44. Rb2 {[%emt 0:00:41]} e4 {[%emt 0:00:19]} 45. Rb8 {[%emt 0:00:31]} Re8 {[%emt 0:00:01]} 46. Rfb1 {[%emt 0:00:28]} Nd7 {[%emt 0:00:39]} 47. R8b4 {[%emt 0:00:21]} d3 {[%emt 0:00:07]} 48. Rd4 {[%emt 0:00:20]} Ne5 {[%emt 0:01:04]} 49. Rd8 {[%emt 0:00:34]} Kf7 {[%emt 0:00:03]} 50. Rb8 {[%emt 0:00:35]} e3 {[%emt 0:00:02]} 51. Rbxc8 {[%emt 0:00:35]} d2 {[%emt 0:00:17]} 52. Kg2 {[%emt 0:00:41]} Nd3 {[%emt 0:02:31]} 53. Rxe8 {[%emt 0:00:27]} Nf4+ {[%emt 0:00:35]} 54. Kg3 {[%emt 0:00:32]} Nh5+ {[%emt 0:00:17]} 55. Kh4 {[%emt 0:00:20]} d1=Q {[%emt 0:00:07]} 56. Rf8+ {[%emt 0:00:06]} Kg6 {[%emt 0:00:21]} 57. Rg8+ {[%emt 0:00:23]} Ng7 {[%emt 0:00:46]} 58. Rxg7+ {[%emt 0:00:42]} Kxg7 {[%emt 0:00:04]} 59. Rg8+ {[%emt 0:00:04]} Kxg8 {[%emt 0:00:04]} 60. c8=Q+ {[%emt 0:00:06]} Kf7 {[%emt 0:00:36]} 61. Qf5+ {[%emt 0:01:04]} Ke7 {[%emt 0:00:25]} 62. Qc5+ {[%emt 0:00:43]} Qd6 {[%emt 0:01:08]} 63. Qxa7+ {[%emt 0:00:40]} Ke6 {[%emt 0:00:23]} 64. Qxe3+ {[%emt 0:00:25]} Kd7 {[%emt 0:00:12]} 65. Qa7+ {[%emt 0:00:47]} Ke6 {[%emt 0:00:11]} 66. Qe3+ {[%emt 0:00:38]} Kd7 {[%emt 0:00:04]} 67. Qa7+ {[%emt 0:00:31]} Ke6 {[%emt 0:00:01]} 68. Bc7 {[%emt 0:00:20]} Qe7+ {[%emt 0:00:44]} 69. Kg4 {[%emt 0:01:15]} Qg7+ {[%emt 0:00:14]} 70. Kf4 {[%emt 0:00:00]} Qf6+ {[%emt 0:00:10]} 71. Ke4 {[%emt 0:00:06]} Qf5+ {[%emt 0:00:04]} 72. Ke3 {[%emt 0:00:13]} Qh3+ {[%emt 0:00:29]} 73. Kd2 {[%emt 0:00:40]} Qg2+ {[%emt 0:00:08]} 74. Kc3 {[%emt 0:00:10]} Qf3+ {[%emt 0:00:08]} 75. Kb4 {[%emt 0:00:21]} Qe4+ {[%emt 0:00:10]} 76. Kb5 {[%emt 0:00:37]} Qb1+ {[%emt 0:00:38]} 1/2-1/2

[Event "Irish New Year Events-IM2 2020"]
[Site "Dublin"]
[Date "2020.01.06"]
[Round "9.13"]
[White "Haque, Muhtarim-Ul"]
[Black "Carroll, Peter"]
[Result "1-0"]
[WhiteElo "2045"]
[BlackElo "2087"]
[Annotator "NA"]
[PlyCount "55"]
[EventDate "2020.01.02"]
[EventType "tourn"]
[EventCountry "IRL"]
[SourceTitle "playchess.com"]
[Source "ChessBase"]
[SourceQuality "1"]
[TimeControl "40/5400+30:1800+30"]

1. d4 {[%emt 0:00:00]} Nf6 {[%emt 0:00:00]} 2. Nf3 {[%emt 0:00:00]} e6 {[%emt 0:00:00]} 3. c4 {[%emt 0:00:03]} Bb4+ {[%emt 0:00:00]} 4. Bd2 {[%emt 0:00:31]} a5 {[%emt 0:00:00]} 5. a3 {[%emt 0:00:12]} Bxd2+ {[%emt 0:00:05]} 6. Qxd2 {[%emt 0:00:03]} b6 {[%emt 0:00:41]} 7. Nc3 {[%emt 0:00:13]} Bb7 {[%emt 0:00:12]} 8. d5 {[%emt 0:00:20]} exd5 {[%emt 0:01:04]} 9. cxd5 {[%emt 0:00:06]} d6 {[%emt 0:04:06]} 10. g3 {[%emt 0:00:40]} Nbd7 {[%emt 0:00:53]} 11. Bg2 {[%emt 0:00:30]} Nc5 {[%emt 0:00:36]} 12. Rd1 {[%emt 0:00:16]} a4 {[%emt 0:00:30]} 13. O-O {[%emt 0:00:23]} O-O {[%emt 0:00:11]} 14. Rfe1 {[%emt 0:01:16]} Re8 {[%emt 0:00:31]} 15. Qc2 {[%emt 0:02:07]} Nfe4 {[%emt 0:23:14]} 16. Nxe4 {[%emt 0:01:00]} Nxe4 {[%emt 0:00:08]} 17. Rd4 $14 {[%emt 0:16:03]} Qe7 {[%emt 0:16:40]} 18. Nh4 {[%emt 0:13:39]} Nc5 {[%emt 0:09:42]} 19. Nf5 {[%emt 0:03:17]} Qe5 {[%emt 0:01:45]} 20. Rh4 {[%emt 0:10:06]} g6 {[%emt 0:06:38]} 21. Nh6+ {[%emt 0:01:12]} Kg7 {[%emt 0:00:09]} 22. Ng4 {[%emt 0:01:30]} Qg5 {[%emt 0:06:23]} 23. Qc3+ {[%emt 0:00:33]} Kf8 {[%emt 0:00:41]} 24. Nf6 {[%emt 0:01:55]} Qe5 {[%emt 0:00:13]} 25. Nxe8 {[%emt 0:00:30]} Rxe8 {[%emt 0:00:37]} 26. Rxh7 {[%emt 0:01:18]} Kg8 {[%emt 0:00:38]} 27. Rh4 {[%emt 0:00:27]} Bxd5 {[%emt 0:00:43]} 28. Bxd5 {[%emt 0:00:42]} 1-0

[Event "Irish New Year Events-IM2 2020"]
[Site "Dublin"]
[Date "2020.01.06"]
[Round "9.14"]
[White "Froewis, Georg"]
[Black "Daly, Colm"]
[Result "1-0"]
[WhiteElo "2470"]
[BlackElo "2238"]
[Annotator "RC"]
[PlyCount "55"]
[EventDate "2020.01.02"]
[EventType "tourn"]
[EventCountry "IRL"]
[SourceTitle "playchess.com"]
[Source "ChessBase"]
[SourceQuality "1"]
[TimeControl "40/5400+30:1800+30"]

1. e4 {[%emt 0:09:53]} e5 {[%emt 0:00:00]} 2. Nf3 {[%emt 0:00:16]} Nc6 {[%emt 0:00:00]} 3. Bb5 {[%emt 0:00:17]} a6 {[%emt 0:00:00]} 4. Ba4 {[%emt 0:00:22]} Nf6 {[%emt 0:00:03]} 5. Bxc6 {[%emt 0:00:21]} dxc6 {[%emt 0:00:08]} 6. d3 {[%emt 0:00:10]} Nd7 {[%emt 0:00:18]} 7. Nbd2 {[%emt 0:00:45]} Bd6 {[%emt 0:00:11]} 8. Nc4 {[%emt 0:01:43]} O-O {[%emt 0:00:17]} 9. O-O {[%emt 0:00:44]} Re8 {[%emt 0:00:39]} 10. a4 {[%emt 0:01:44]} Nf8 {[%emt 0:01:31]} 11. h3 {[%emt 0:02:10]} f6 {[%emt 0:02:05]} 12. c3 {[%emt 0:11:32]} c5 {[%emt 0:04:59]} 13. a5 {[%emt 0:04:29]} Be6 {[%emt 0:02:07]} 14. Be3 {[%emt 0:04:31]} Ng6 {[%emt 0:08:54]} 15. Nfd2 {[%emt 0:02:32]} Bf8 {[%emt 0:07:04]} 16. Qe2 {[%emt 0:07:43]} b5 {[%emt 0:05:25]} 17. Na3 {[%emt 0:01:15]} Qd7 {[%emt 1:04:49]} 18. Rfd1 {[%emt 0:04:36]} Rad8 {[%emt 0:01:30]} 19. c4 {[%emt 0:05:21]} b4 {[%emt 0:01:45]} 20. Nc2 {[%emt 0:00:07]} Qxd3 {[%emt 0:01:35]} 21. Qxd3 {[%emt 0:02:43]} Rxd3 {[%emt 0:00:09]} 22. Ne1 {[%emt 0:01:14]} Rd7 {[%emt 0:00:31]} 23. Rdc1 {[%emt 0:07:31]} Nf4 {[%emt 0:04:30]} 24. Kf1 {[%emt 0:00:57]} Bf7 {[%emt 0:02:17]} 25. Nb3 {[%emt 0:06:33]} Ne6 {[%emt 0:00:54]} 26. Ke2 {[%emt 0:01:14]} Red8 {[%emt 0:05:17]} 27. g3 {[%emt 0:02:25]} Bg6 {[%emt 0:03:39]} 28. f3 {[%emt 0:00:37]} 1-0

[Event "Irish New Year Events-IM2 2020"]
[Site "Dublin"]
[Date "2020.01.06"]
[Round "9.15"]
[White "Alienkin, Aleksander"]
[Black "Han, Yichen"]
[Result "1-0"]
[WhiteElo "2382"]
[BlackElo "2257"]
[Annotator "TA"]
[PlyCount "57"]
[EventDate "2020.01.02"]
[EventType "tourn"]
[EventCountry "IRL"]
[SourceTitle "playchess.com"]
[Source "ChessBase"]
[SourceQuality "1"]

{[%evp 14,57,31,27,33,26,27,21,27,20,28,25,45,37,43,37,58,12,52,0,17,24,47,61,57,0,38,0,32,30,28,27,34,14,35,29,32,35,34,27,267,12,245,257,29995,29996]} 1. Nf3 d6 2. d4 Nf6 3. g3 g6 4. b3 Bg7 5. Bb2 O-O 6. Bg2 c6 7. O-O a5 8. c4 a4 {A49: 1 d4 Nf6 2 Nf3 g6 3 g3: Anti-King's Indian systems} 9. Nc3 axb3 10. axb3 Rxa1 {The position is equal.} 11. Qxa1 Na6 12. Nd2 $146 ({Predecessor:} 12. Rd1 Bf5 13. Nd2 Qc8 14. Qa5 Bh3 15. b4 Bxg2 16. Kxg2 {½-½ (31) Xiang,Z (2411)-Malakhov,V (2689) China 2018}) 12... Nd7 13. e3 Re8 14. Rd1 Qc7 15. d5 Bf8 16. h4 (16. Qa3 $14) 16... Ne5 17. Nf3 Bg4 18. Nxe5 Bxd1 19. Nxf7 ({Much weaker is} 19. Qxd1 dxe5 20. Ne4 Rd8 $17) 19... Bxb3 20. Bh3 (20. Ng5 $5 {[%cal Rd5c6]} Nc5 21. Nce4 Nxe4 22. Bxe4 $11) 20... Nc5 {[#]} 21. Ne4 $1 {[%mdl 512] Strongly threatening Nxc5.} e5 $1 ({Much worse is} 21... cxd5 $6 22. Nxc5 e5 23. Nxd6 $18 (23. Nxb3 Qxf7 24. Nd2 dxc4 $18)) (21... Nxe4 22. Be6) 22. Nxc5 {Hoping for Be6.} Bxc4 23. Be6 Rxe6 24. dxe6 {aiming for Qa8!} dxc5 25. Bxe5 Qc8 26. Bf4 $40 {[%csl Gf7][%cal Ra1h8][%mdl 128] [#] White mounts an attack.} Bxe6 $2 (26... Qxe6 $11 {and Black stays safe.} 27. Nh6+ Bxh6 28. Bxh6 Qe7) 27. Nh6+ $18 Bxh6 28. Bxh6 {[%csl Gh6][%cal Ra1g7]} Qd7 $2 (28... Kf7 $18 29. Qg7+ Ke8) 29. Qf6 {Accuracy: White = 76%, Black = 40%.} 1-0